| 000 | 00584nam a2200193Ia 4500 | ||
|---|---|---|---|
| 003 | IN-BaIIA | ||
| 008 | 211028s9999 xx 000 0 eng d | ||
| 040 | _cIIA Library | ||
| 080 |
_a524.3-64 _bCHA |
||
| 100 |
_aChandrasekhar, S. _91248 |
||
| 245 | 0 |
_aRadiative transfer _cS. Chandrasekhar |
|
| 260 |
_aOxford _bClarendon Press _c1950 |
||
| 300 | _axiv, 393p. | ||
| 500 | _aDonated by Mrs. Bappu | ||
| 650 |
_aIsotopic Scattering _912833 |
||
| 650 |
_aPrinciples of Invariance _912834 |
||
| 650 |
_aQuadrature Formulae _912835 |
||
| 942 | _cBK | ||
| 999 |
_c7566 _d7566 |
||